MDQL
is popping MORE tags! Check the
thread
!
Quizzes
Events
Quiz Creation
Community
Videos
Private Events
Remove Ads
Sign In
Join for FREE
Feedback
Dark Mode
Quiz Categories
Sports
Geography
Music
Movies
Television
Just For Fun
Miscellaneous
History
Literature
Language
Science
Gaming
Entertainment
Religion
Holiday
For Kids
Quiz Lab
Recent
Popular Today
Quiz Kudos Today
Editor Picks
Curator Picks
Quizzes by...
Day
Popularity
Type
Ratings
Length
Year
Community
Subscriptions
Recent Discussions
Orange Saloon
Badges
Playlists
Quests
Create
Leaderboards
Showdown
Live 5
Trivia Bingo
Activity
Puzzle Library
Sporcle Events
Private Events
Virtual Trivia
Globe League
Become a Host
Pub Owners
SporcleCon
Opinionation
Our Games
Videos
Blog
Mobile Apps
Partnerships
Remove Ads and Go Orange
Feedback
Just For Fun
Clickable
Get the Picture
Humor
Quick Pick
Word Ladder
Missing Word
Mixed Word
Blitz
Minefield
This or That
Alphabet
Color
Typing
Sporcle
Puzzle
Word Play
Follow That Line
Logic
Just For Fun
Clickable
Get the Picture
Humor
Quick Pick
Word Ladder
Missing Word
Mixed Word
Blitz
Minefield
This or That
Alphabet
Color
Typing
Sporcle
Puzzle
Word Play
Follow That Line
Logic
Random Quiz
Search Sporcle
×
Quiz Lab
Quiz Lab
Just For Fun
Popular
Type in answers that appear in a list
Type in answers that appear in a list
Classic
Best Score? Go Orange.
Popular Baby Names in 2014 - Girls Stats
Can you name the Popular Baby Names in 2014 - Girls
By
caylintenace
10m
40 Questions
83 Plays
83 Plays
83 Plays
Comments
Comments
Give Quiz Kudos
Give Quiz Kudos
-
- Ratings
hide this ad
Replay
Link that replays current quiz
Next Quiz
Link to next quiz in quiz playlist
You Got
0%
They Got
Avg Score
57%
Avg Friend Score
Upgrade to see
Score Distribution
Jump to the score distribution portion of the page
Score
0/40
Timer
10:00
0
Plays Today
Number
Name
% Correct
29.
Elizabeth
86.7%
1.
Emma
84.3%
2.
Olivia
78.3%
8.
Emily
78.3%
37.
Anna
78.3%
3.
Sophia
75.9%
19.
Hannah
73.5%
4.
Ava
72.3%
5.
Isabella
71.1%
12.
Madison
71.1%
16.
Chloe
71.1%
23.
Grace
71.1%
6.
Mia
69.9%
13.
Ella
67.5%
15.
Lily
67.5%
26.
Zoe
63.9%
7.
Charlotte
61.4%
34.
Lucy
61.4%
18.
Evelyn
60.2%
28.
Natalie
57.8%
Number
Name
% Correct
9.
Abigail
56.6%
36.
Lillian
56.6%
14.
Amelia
55.4%
32.
Victoria
54.2%
11.
Avery
53%
17.
Sofia
50.6%
40.
Leah
50.6%
22.
Addison
49.4%
27.
Audrey
45.8%
39.
Nora
44.6%
21.
Zoey
42.2%
24.
Aubrey
42.2%
25.
Ellie
41%
20.
Aria
39.8%
33.
Brooklyn
39.8%
35.
Claire
38.6%
10.
Harper
37.3%
30.
Scarlett
37.3%
31.
Layla
32.5%
38.
Mila
15.7%
Quiz Playlist
Details
Report
Send in Message
Add To Playlist
Classic:
Type in answers that appear in a list
Last Updated: Feb 16, 2017
Quiz Scoreboard
CHALLENGE
Sign Up to Join the Scoreboard
Show All
Scores
Hide
Comments
May contain spoilers
Recently Published
5x2 Blitz: Bands
by SL_Kpop136
Music
30s
Colored Red Africa Blitz
by spor1
Geography
30s
Find the 'City' Movie
by crazypaving
Movies
60s
More to Explore
Quiz From the Vault
Featured Blog Post
14 Easter Pick-up Lines to Find Eggs With
hide this ad
You Might Also Like...
Tags
Baby Names Quiz
Popular Quiz
Baby
Baby Girl
First Names
Girl Names
Girls Names
name
Top 40
Top Baby
Top Girl
US Popular
Today's Top Quizzes in Just For Fun
Browse Just For Fun
hide this ad
Today's Top Quizzes in Popular
Browse Popular
Top Contributed Quizzes in Just For Fun
1
Avatar the Last Airbender: Logic Puzzle
2
Name Just One - 10 to 1: Just For Fun
3
Missing Word: 2-Letter A-Z II
4
Missing Letter Whitney Houston Songs
5
Survivor Winners Logic Puzzle
6
Shadowhunters Protagonists Logic Quiz
7
Quick 5-Color Logic (18)
8
Medium Renzoku Puzzle 11
9
It's Magic / Witchcraft 🎩🪄🧙♀️
10
Killer Double Trees 224 - Colour Match-Up
Explore More
Trending Topics
NBA
Disney
Anime
Kpop
Harry Potter
Marvel
Crossword
NFL
Puzzle
Pokémon
Song
Country
WWE
The Office
Soccer
hide this ad
More By:
caylintenace
Quiz
Plays
Rating
Category
Featured
Created
Top 100 US Chains by Sales
971
1.80
Just For Fun
Jan 20, 2015
African Animals by Description.
337
3.33
Science
Feb 22, 2015
Weird Animal Trivia
207
2.00
Science
Feb 21, 2015
Characters in Zelda, The Wind Waker
136
1.00
Gaming
Jan 20, 2015
Popular Baby Names in 2014 - Boys
121
Just For Fun
Jan 19, 2015
Go to Creator's Profile
Score Distribution
Quiz Creator Spotlight
caylintenace
Follow
Send a Message
Quizzes Created
-
Created Quiz Play Count
-
More By This Creator
Popular Quizzes Today
1
Colored Red Africa Blitz
2
Find the 'City' Movie
3
5x2 Blitz: Bands
4
Find the US States - No Outlines Minefield
5
The Countries of the World
6
Find the US States
7
US States
8
Find the Countries of Europe - No Outlines Minefield
More Just For Fun Quizzes
Answer Trap: Price/Presley/Cars
Editor's Pick
Trending Quizzes
Colored Red Europe Blitz I
Colored Red Europe Blitz II
Colored Red Africa Blitz II
Colored Red Europe Blitz III
Colored Red Africa Blitz III
Recently Updated
How Do You Spell That?
pecheneg
Godzilla Movies
pecheneg
Grab Bag: 4-10 Letters
pecheneg
2024 March Madness Bracket
pecheneg
Famous TV Couples
Peacemaker
Champions League XIs: Real Madrid
pecheneg
Largest US Cities 1790-2010
pecheneg
Rides in Walt Disney World
pecheneg
Most Oscar Losses (Acting)
pecheneg
Beyoncé Albums
pecheneg
Trending Topics
Harry Potter
Marvel
NBA
Crossword
Disney
Anime
Kpop
NFL
Puzzle
WWE
Pokémon
Country
Song
Soccer
The Office
Your Account Isn't Verified!
In order to create a playlist on Sporcle, you need to verify the email address you used during registration. Go to your
Sporcle Settings
to finish the process.
Report this User
Report this user for behavior that violates our
Community Guidelines
.
Details:
Send Report
Go to the Sporcle.com Mobile Site →
Comments